Development of an algorithm for fault prediction in JF-17 aircraft engine using sensor data (Record no. 322798)
[ view plain ]
| 000 -LEADER | |
|---|---|
| fixed length control field | 00455 a2200133 4500 |
| 001 - CONTROL NUMBER | |
| control field | 87725 |
| 082 ## - DEWEY DECIMAL CLASSIFICATION NUMBER | |
| Classification number | PR 102 |
| 090 ## - LOCALLY ASSIGNED LC-TYPE CALL NUMBER (OCLC); LOCAL CALL NUMBER (RLIN) | |
| -- | 41184 |
| -- | 41184 |
| 100 ## - MAIN ENTRY--PERSONAL NAME | |
| Personal name | Muhammad Hasan, Plt Off 16070 73(B) |
| 245 ## - TITLE STATEMENT | |
| Title | Development of an algorithm for fault prediction in JF-17 aircraft engine using sensor data |
| 260 ## - PUBLICATION, DISTRIBUTION, ETC. | |
| Place of publication, distribution, etc. | Risalpur |
| Name of publisher, distributor, etc. | CAE, PAF Academy Risalpur |
| Date of publication, distribution, etc. | 2012 |
| 300 ## - PHYSICAL DESCRIPTION | |
| Extent | ix, 77p. |
| Accompanying material | Manzar Abbas, Sqn Ldr ; Nauman Mazhar, Sqn Ldr |
| 500 ## - GENERAL NOTE | |
| General note | BE Project reports |
| 942 ## - ADDED ENTRY ELEMENTS (KOHA) | |
| Institution code [OBSOLETE] | CAE NUST |
| Call number prefix | PR 102 |
| Withdrawn status | Lost status | Damaged status | Not for loan | Collection code | Permanent Location | Current Location | Date acquired | Total Checkouts | Full call number | Barcode | Date last seen | Price effective from | Koha item type |
|---|---|---|---|---|---|---|---|---|---|---|---|---|---|
| College of Aeronautical Engineering (CAE) | College of Aeronautical Engineering (CAE) | 04/03/2017 | PR 102 | CAEPR-102 | 04/05/2017 | 04/05/2017 | Book |
